|
|
|
|
| LEADER |
00000nam0a2200000 4500 |
| 001 |
262051 |
| 005 |
20231101233622.0 |
| 010 |
|
|
|a 9785811414499
|
| 035 |
|
|
|a (RuTPU)RU\TPU\book\285033
|
| 090 |
|
|
|a 262051
|
| 100 |
|
|
|a 20140529d2014 m y0rusy50 ca
|
| 101 |
0 |
|
|a rus
|
| 102 |
|
|
|a RU
|
| 105 |
|
|
|a y j 001zy
|
| 200 |
1 |
|
|a Подготовка и защита магистерских диссертаций и бакалаврских работ
|e учебное пособие
|f Ю. Н. Новиков
|
| 210 |
|
|
|a Санкт-Петербург
|c Лань
|d 2014
|
| 215 |
|
|
|a 30 с.
|
| 225 |
1 |
|
|a Учебники для вузов. Специальная литература
|
| 320 |
|
|
|a Библиогр.: с. 20.
|
| 330 |
|
|
|a Пособие адресовано студентам, приступающим к итоговой фазе учебного процесса, и преподавателям, участвующим в процедуре итоговой государственной аттестации (в том числе, научным руководителям, рецензентам, ответственным по кафедрам и факультетам за подготовку выпускных квалификационных работ, членам ГАК). Представлена процедура итоговой государственной аттестации в части подготовки, оформления и защиты выпускных квалификационных работ на разных уровнях системы высшего профессионального образования. Описаны виды выпускных квалификационных работ бакалавров, специалистов, магистров. Содержит методические рекомендации, которые помогут студентам выбрать тему выпускной квалификационной работы, должным образом подготовить, оформить и успешно ее защитить. Представлены образцы форм и примеры документов, относящихся к итоговой аттестации.В пособии аккумулирован опыт подготовки и защиты выпускных работ в системе университетского образования.
|
| 606 |
1 |
|
|a Диссертации
|x Подготовка
|x Защита
|2 stltpush
|3 (RuTPU)RU\TPU\subj\68871
|9 83970
|
| 610 |
1 |
|
|a магистерские диссертации
|
| 610 |
1 |
|
|a бакалавриат
|
| 610 |
1 |
|
|a выпускные работы
|
| 610 |
1 |
|
|a квалификационные работы
|
| 610 |
1 |
|
|a темы
|
| 610 |
1 |
|
|a рецензии
|
| 610 |
1 |
|
|a подготовка
|
| 610 |
1 |
|
|a государственная аттестация
|
| 610 |
1 |
|
|a учебные пособия
|
| 686 |
|
|
|a Ч215.7я73
|v LBC/SL-A
|2 rubbk
|
| 700 |
|
1 |
|a Новиков
|b Ю. Н.
|g Юрий Николаевич
|
| 801 |
|
1 |
|a RU
|b 63413507
|c 20140529
|
| 801 |
|
2 |
|a RU
|b 63413507
|c 20220914
|g RCR
|
| 942 |
|
|
|c BK
|
| 959 |
|
|
|a 92/20140529
|d 5
|e 139,92
|f ЧЗГЛ:1
|f АНЛ:1
|f УФ:3
|